Normal view
MARC view
Entry Personal Name
001 - CONTROL NUMBER
- control field: 26767
003 - CONTROL NUMBER IDENTIFIER
- control field: OSt
005 - DATE AND TIME OF LATEST TRANSACTION
- control field: 20210811124859.0
008 - FIXED-LENGTH DATA ELEMENTS
- fixed length control field: 210811|| aca||aabn | a|a d
040 ## - CATALOGING SOURCE
- Original cataloging agency: OSt
- Transcribing agency: OSt
100 ## - HEADING--PERSONAL NAME
- Personal name: Fabozzi, F.J., Shiller, R.J. and Tunaru, R.S.
670 ## - SOURCE DATA FOUND
- Source citation: Work cat.: (OSt)517527: Fabozzi, F.J., Shiller, R.J. and Tunaru, R.S., A 30-year perspective on property derivatives: What can be done to tame property price risk?
